000 00769nas a2200241 454500
001 34893
005 20260407193509.0
008 260407s1998####ag###########|||spa#d
003 AR-UNSa-BCEJYS
040 _aAR-UNSa-BCEJYS
_bspa
_cAR-UNSa-BCEJYS
080 _a657
_xContabilidad
245 1 0 _aInterAmérica
264 1 _aMiami :
_bAsociación Interamericana de Contabilidad
_c1998
310 _aFrecuencia: Trimestral
041 _aspa
942 _cSER
590 _aniveau_biblio:s niveau_hierar:1
100 1 _aAsociación Interamericana de Contabilidad (AIC)
700 1 _aAbreu Páez, Víctor
650 _aCONTABILIDAD
650 _aFinanzas
856 4 1 _uhttps://biblioeco.unsa.edu.ar/pmb/images/revistas/rev_Interamericana.jpg
_yImagen de portada
_qimage/jpeg
999 _c8761
_d8761